The German Classics of the Nineteenth and Twentieth Centuries, Volume 12 (Record no. 243725)
[ view plain ]
| 000 -LEADER | |
|---|---|
| fixed length control field | 01227cam a22002893a 4500 |
| 001 - CONTROL NUMBER | |
| control field | 14470 |
| 003 - CONTROL NUMBER IDENTIFIER | |
| control field | PGUSA |
| 005 - DATE AND TIME OF LATEST TRANSACTION | |
| control field | 20140828083317.0 |
| 008 - FIXED-LENGTH DATA ELEMENTS--GENERAL INFORMATION | |
| fixed length control field | 041226s2004||||xxu|||||s|||||000 | eng d |
| 040 ## - CATALOGING SOURCE | |
| Original cataloging agency | PGUSA |
| Language of cataloging | eng |
| 042 ## - AUTHENTICATION CODE | |
| Authentication code | dc |
| 050 #4 - LIBRARY OF CONGRESS CALL NUMBER | |
| Classification number | PT |
| 245 14 - TITLE STATEMENT | |
| Title | The German Classics of the Nineteenth and Twentieth Centuries, Volume 12 |
| Medium | [electronic resource] |
| 260 ## - PUBLICATION, DISTRIBUTION, ETC. (IMPRINT) | |
| Name of publisher, distributor, etc | Project Gutenberg, |
| Date of publication, distribution, etc | 2004 |
| 505 0# - FORMATTED CONTENTS NOTE | |
| Formatted contents note | The Life of Gustav Freytag. By Ernest F. Henderson -- FREYTAG: The Journalists. -- Doctor Luther. -- Frederick the Great. -- The Life of Theodor Fontane. By William A. Cooper -- FONTANE: Effi Briest. -- Extracts from "My Childhood Days." -- Sir Ribbeck of Ribbeck. -- The Bridge by the Tay. |
| 506 ## - RESTRICTIONS ON ACCESS NOTE | |
| Terms governing access | Public domain in the USA. |
| 516 ## - TYPE OF COMPUTER FILE OR DATA NOTE | |
| Type of computer file or data note | Electronic text |
| 653 ## - INDEX TERM--UNCONTROLLED | |
| Uncontrolled term | German literature -- 19th century -- Translations into English |
| 653 ## - INDEX TERM--UNCONTROLLED | |
| Uncontrolled term | German literature -- 20th century -- Translations into English |
| 700 1# - ADDED ENTRY--PERSONAL NAME | |
| Personal name | Fontane, Theodor, |
| Dates associated with a name | 1819-1898 |
| 700 1# - ADDED ENTRY--PERSONAL NAME | |
| Personal name | Francke, Kuno, |
| Dates associated with a name | 1855-1930 |
| 700 1# - ADDED ENTRY--PERSONAL NAME | |
| Personal name | Howard, William Guild, |
| Dates associated with a name | 1868-1960 |
| 700 1# - ADDED ENTRY--PERSONAL NAME | |
| Personal name | Freytag, Gustav, |
| Dates associated with a name | 1816-1895 |
| 830 #0 - SERIES ADDED ENTRY--UNIFORM TITLE | |
| Uniform title | Project Gutenberg |
| Volume number/sequential designation | 14470 |
| 856 40 - ELECTRONIC LOCATION AND ACCESS | |
| Uniform Resource Identifier | <a href="http://www.gutenberg.org/ebooks/14470">http://www.gutenberg.org/ebooks/14470</a> |
| 942 ## - ADDED ENTRY ELEMENTS (KOHA) | |
| Koha item type | eBooks |
| Withdrawn status | Lost status | Damaged status | Home library | Current library | Date acquired | Total Checkouts | Date last seen | Price effective from | Koha item type |
|---|---|---|---|---|---|---|---|---|---|
| Project Gutenberg | Project Gutenberg | 08/28/2014 | 08/28/2014 | 08/28/2014 | eBooks |